<?xml version="1.0" encoding="UTF-8"?>
<record
    xmlns:xsi="http://www.w3.org/2001/XMLSchema-instance"
    xsi:schemaLocation="http://www.loc.gov/MARC21/slim http://www.loc.gov/standards/marcxml/schema/MARC21slim.xsd"
    xmlns="http://www.loc.gov/MARC21/slim">

  <leader>00975nam0a2200289 i 4500</leader>
  <controlfield tag="001">RU\NLR\bibl\2053320</controlfield>
  <controlfield tag="005">20260406065716.0</controlfield>
  <datafield tag="010" ind1=" " ind2=" ">
    <subfield code="a">9785699649396</subfield>
    <subfield code="9">3000</subfield>
  </datafield>
  <datafield tag="021" ind1=" " ind2=" ">
    <subfield code="a">RU</subfield>
    <subfield code="b">2013-47444</subfield>
    <subfield code="9">318&#x434;/13</subfield>
  </datafield>
  <datafield tag="035" ind1=" " ind2=" ">
    <subfield code="a">(NLR Aleph) 002040301</subfield>
  </datafield>
  <datafield tag="090" ind1=" " ind2=" ">
    <subfield code="a">4592801</subfield>
    <subfield code="c">4592801</subfield>
  </datafield>
  <datafield tag="100" ind1=" " ind2=" ">
    <subfield code="a">20130712d2013    u  y0rusy50      ca</subfield>
  </datafield>
  <datafield tag="101" ind1="1" ind2=" ">
    <subfield code="a">rus</subfield>
    <subfield code="c">swe</subfield>
  </datafield>
  <datafield tag="102" ind1=" " ind2=" ">
    <subfield code="a">RU</subfield>
  </datafield>
  <datafield tag="105" ind1=" " ind2=" ">
    <subfield code="a">y   |||||||||</subfield>
  </datafield>
  <datafield tag="200" ind1="1" ind2=" ">
    <subfield code="a">&#x422;&#x435;&#x440;&#x440;&#x43E;&#x440;&#x438;&#x441;&#x442;&#x44B;</subfield>
    <subfield code="e">[&#x440;&#x43E;&#x43C;&#x430;&#x43D;]</subfield>
    <subfield code="f">&#x41F;&#x435;&#x440; &#x412;&#x430;&#x43B;&#x435;, &#x41C;&#x430;&#x439; &#x428;&#x435;&#x432;&#x430;&#x43B;&#x44C;</subfield>
    <subfield code="g">[&#x43F;&#x435;&#x440;. &#x441; &#x448;&#x432;&#x435;&#x434;. &#x41B;. &#x416;&#x434;&#x430;&#x43D;&#x43E;&#x432;&#x43E;&#x439;]</subfield>
  </datafield>
  <datafield tag="210" ind1=" " ind2=" ">
    <subfield code="a">&#x41C;&#x43E;&#x441;&#x43A;&#x432;&#x430;</subfield>
    <subfield code="c">&#x42D;&#x43A;&#x441;&#x43C;&#x43E;</subfield>
    <subfield code="d">2013</subfield>
  </datafield>
  <datafield tag="215" ind1=" " ind2=" ">
    <subfield code="a">477, [1] &#x441;.</subfield>
    <subfield code="d">17</subfield>
  </datafield>
  <datafield tag="225" ind1="1" ind2=" ">
    <subfield code="a">Misterium</subfield>
  </datafield>
  <datafield tag="686" ind1=" " ind2=" ">
    <subfield code="a">&#x428;6(4&#x428;&#x432;)67-446{&#x41B;&#x445;1489-60}</subfield>
  </datafield>
  <datafield tag="700" ind1=" " ind2="1">
    <subfield code="4">070</subfield>
    <subfield code="8">rus</subfield>
    <subfield code="7">ca</subfield>
    <subfield code="a">&#x412;&#x430;&#x43B;&#x451;</subfield>
    <subfield code="b">&#x41F;.</subfield>
    <subfield code="f">1926-1975</subfield>
    <subfield code="g">&#x41F;&#x435;&#x440;</subfield>
    <subfield code="3">RU\NLR\auth\7715169</subfield>
    <subfield code="9">124827</subfield>
  </datafield>
  <datafield tag="701" ind1=" " ind2="1">
    <subfield code="4">070</subfield>
    <subfield code="8">rus</subfield>
    <subfield code="7">ca</subfield>
    <subfield code="a">&#x428;&#x451;&#x432;&#x430;&#x43B;&#x44C;</subfield>
    <subfield code="b">&#x41C;.</subfield>
    <subfield code="f">1935-</subfield>
    <subfield code="g">&#x41C;&#x430;&#x439;</subfield>
    <subfield code="3">RU\NLR\auth\7715167</subfield>
    <subfield code="9">124825</subfield>
  </datafield>
  <datafield tag="801" ind1=" " ind2="0">
    <subfield code="a">RU</subfield>
    <subfield code="b">NLR</subfield>
    <subfield code="c">20130712</subfield>
    <subfield code="g">RCR</subfield>
  </datafield>
  <datafield tag="801" ind1=" " ind2="1">
    <subfield code="a">RU</subfield>
    <subfield code="b">NLR</subfield>
    <subfield code="c">20130712</subfield>
  </datafield>
  <datafield tag="942" ind1=" " ind2=" ">
    <subfield code="c">BOOK</subfield>
  </datafield>
  <datafield tag="980" ind1=" " ind2=" ">
    <subfield code="a">NBR</subfield>
  </datafield>
</record>
